00000000nam##2200000za#4500
0019.625862
003CaOODSP
00520200421163422
007ta
008150406|2001||||xxc|||||     f|0| 0 fre|d
020 |a0-662-86602-9
040 |aCaOODSP|bfre
043 |an-cn---
0861 |aNH18-22/101-138F
1102 |aSociété canadienne d'hypothèques et de logement.
24510|aTraitement novateur des eaux usée sur place
260 |aOttawa - Ontario : |bSociété canadienne d'hypothèques et de logement |c2001.
300 |a4p. : |bfigures ; |c28 cm.
4901 |aLe point en recherche. Série technique |v01-138
563 |aDépliant
590 |a01-51|b2001-12-28
69107|aPollution de l'eau|2gcpds
69107|aGestion de l'eau|2gcpds
69107|aCommunauté rurale|2gcpds
69107|aTechnologie environnementale|2gcpds
77508|tInnovative on-site wastewater treatment |w(CaOODSP)9.615857
7760#|tTraitement novateur des eaux usée sur place |w(CaOODSP)9.602678
830#0|aLe point en recherche. Série technique ;|v01-138|w(CaOODSP)9.513179
986 |aLNH 61170